000 01161nam a2200289 i 4500
001 bg
003 BPK
005 20250625063547.0
008 970510s1994 pl a f f |001 0 pol
015 _aPB 1994/5471
020 _a8320808936
040 _aWA N
_cBPK
041 1 _apol
_heng
080 _a339.13
100 1 _aPorter, Michael E.
_d(1947- )
245 1 0 _aStrategia konkurencji :
_bmetody analizy sektorów i konkurentów /
_cMichael E. Porter ; przekł. [z ang.] Andrzej Ehrlich.
246 1 _iTyt. oryg.:
_aCompetitive strategy :
_btechniques for analyzing industries and competitors,
_f1980.
250 _a[Wyd. 2].
260 _aWarszawa :
_bPańst. Wydaw. Ekonomiczne : przy współpr. USIA [United States Information Agency] Washington [etc.],
_c1994.
300 _a373, [3] s. :
_b2 rys., wykr. ;
_c21 cm.
504 _aBibliogr. s. 368-370. - Indeks.
650 4 _aKonkurencja
710 2 _aPaństwowe Wydawnictwo Ekonomiczne
_4pbl.
700 1 _aEhrlich, Andrzej
_eTłumaczenie
856 _uhttp://koha.tu.koszalin.pl/cgi-bin/koha/opac-detail.pl?biblionumber=6616
_yKatalog online BPK
942 _2UKD
_cKS
999 _c6616
_d6616